[Event "LTU-chT"]
[Site "Lithuania"]
[Date "2014.03.15"]
[Round "6.1"]
[White "Malisauskas, Vidmantas"]
[Black "Narmontas, Matas"]
[Result "1/2-1/2"]
[WhiteElo "2431"]
[BlackElo "2417"]
[PlyCount "92"]
[EventDate "2014.01.25"]
[EventType "team-swiss"]
[EventRounds "7"]
[EventCountry "LTU"]
[SourceTitle "EXT 2015"]
[Source "ChessBase"]
[SourceDate "2014.11.20"]
[SourceVersion "1"]
[SourceVersionDate "2014.11.20"]
[SourceQuality "1"]
[WhiteTeam "Kaunas AG"]
[BlackTeam "Plunge Bokstas"]
[WhiteTeamCountry "LTU"]
[BlackTeamCountry "LTU"]

1. d4 d5 2. c4 c6 3. Nf3 Nf6 4. e3 Bg4 5. h3 Bh5 6. cxd5 cxd5 7. Qa4+ Nbd7 8. Ne5 a6 9. Nc3 b5 10. Qb3 e6 11. g4 Bg6 12. Nxg6 hxg6 13. Bg2 b4 14. Ne2 Bd6 15. Qd3 a5 16. g5 Ng8 17. e4 Ne7 18. e5 Bb8 19. a3 Ra7 20. Bd2 Qb6 21. 0-0 0-0 22. Rfc1 Rc7 23. Rxc7 Bxc7 24. axb4 axb4 25. Nc1 Nb8 26. Nb3 Nbc6 27. Ra6 Qb8 28. Be3 Bb6 29. Qb5 Ba7 30. Qxb8 Rxb8 31. Bf1 Bb6 32. Bd3 Kf8 33. Kg2 Ke8 34. h4 Kd7 35. Kg3 Kc7 36. Kg4 Rh8 37. Ra1 Nf5 38. Bxf5 gxf5+ 39. Kg3 f4+ 40. Kxf4 Rxh4+ 41. Kg3 Rh5 42. g6 fxg6 43. Ra8 Nb8 44. Ra4 Nc6 45. Ra8 Nb8 46. Ra4 Nc6 1/2-1/2

[Event "LTU-chT"]
[Site "Lithuania"]
[Date "2014.02.08"]
[Round "4.1"]
[White "Narmontas, Matas"]
[Black "Chocenka, Dmitrijus"]
[Result "1/2-1/2"]
[WhiteElo "2417"]
[BlackElo "2224"]
[PlyCount "99"]
[EventDate "2014.01.25"]
[EventType "team-swiss"]
[EventRounds "7"]
[EventCountry "LTU"]
[SourceTitle "CBM 158 Extra"]
[Source "ChessBase"]
[SourceDate "2014.02.28"]
[SourceVersion "1"]
[SourceVersionDate "2014.02.28"]
[SourceQuality "1"]
[WhiteTeam "Plunge Bokstas"]
[BlackTeam "Vilnius SSM"]
[WhiteTeamCountry "LTU"]
[BlackTeamCountry "LTU"]

1. e4 c5 2. Nf3 d6 3. d4 cxd4 4. Nxd4 Nf6 5. Nc3 a6 6. Bg5 e6 7. f4 Be7 8. Qf3 Nbd7 9. 0-0-0 Qc7 10. g4 b5 11. Bxf6 Nxf6 12. g5 Nd7 13. f5 Bxg5+ 14. Kb1 0-0 15. fxe6 Nb6 16. Bh3 Bf6 17. Qd3 Kh8 18. Nd5 Nxd5 19. exd5 Bb7 20. Rhf1 Be5 21. Nf3 Bf6 22. Nd2 Qe7 23. Ne4 Be5 24. exf7 Bc8 25. Be6 Bxe6 26. dxe6 Qxe6 27. Ng5 Qh6 28. Qd5 Rac8 29. Qe6 Bf6 30. Ne4 Qg6 31. Nxf6 gxf6 32. Qxf6+ Qxf6 33. Rxf6 Kg7 34. Rdxd6 a5 35. c3 Rc5 36. Rf2 Rxf7 37. Rxf7+ Kxf7 38. Kc2 Rh5 39. Rd2 Ke6 40. Kb3 Rh4 41. Rg2 Kd5 42. Kc2 Kc5 43. Kd3 a4 44. b3 Rh3+ 45. Kc2 axb3+ 46. Kxb3 h6 47. Rf2 Rh4 48. a3 Kb6 49. Rf6+ Kc5 50. Rf5+ 1/2-1/2

[Event "Plateliai op 23rd"]
[Site "Plateliai"]
[Date "2013.07.18"]
[Round "6"]
[White "Narmontas, Matas"]
[Black "Malinin, Yuri"]
[Result "1/2-1/2"]
[WhiteElo "2418"]
[BlackElo "2296"]
[PlyCount "94"]
[EventDate "2013.07.15"]
[EventType "swiss"]
[EventRounds "9"]
[EventCountry "LTU"]
[SourceTitle "EXT 2014"]
[Source "ChessBase"]
[SourceDate "2013.11.20"]
[SourceVersion "1"]
[SourceVersionDate "2013.11.20"]
[SourceQuality "1"]

1. e4 c5 2. Nf3 g6 3. d4 cxd4 4. Nxd4 Bg7 5. Be3 Nf6 6. Nc3 Nc6 7. Nxc6 bxc6 8. e5 Ng8 9. f4 Nh6 10. Qd2 0-0 11. 0-0-0 d6 12. h3 Be6 13. g4 dxe5 14. fxe5 Qxd2+ 15. Rxd2 Bxg4 16. hxg4 Nxg4 17. Bg5 Bxe5 18. Bxe7 Rfe8 19. Rd7 Bf4+ 20. Kb1 Ne5 21. Rb7 Reb8 22. Ne4 h5 23. Rxb8+ Rxb8 24. Nf6+ Kg7 25. Rg1 Nf3 26. Nxh5+ Kh6 27. Nxf4 Nxg1 28. Bc5 Nf3 29. Bg2 Nd2+ 30. Kc1 Nc4 31. Nd3 Nb6 32. Ne5 f5 33. Nxc6 Re8 34. b3 Nd7 35. Bxa7 g5 36. Nd4 Kg6 37. a4 f4 38. Bc6 Re7 39. Nf3 g4 40. Bxd7 gxf3 41. Bc6 Rxa7 42. Bxf3 Kf5 43. Kd2 Ke5 44. Kd3 Rh7 45. c3 Rh3 46. Kc2 Rh2+ 47. Kd3 Rh3 1/2-1/2

[Event "LTU-chT"]
[Site "Vilnius"]
[Date "2013.03.10"]
[Round "6.1"]
[White "Bucinskas, Valdas"]
[Black "Narmontas, Matas"]
[Result "1/2-1/2"]
[WhiteElo "2373"]
[BlackElo "2423"]
[PlyCount "63"]
[EventDate "2013.01.19"]
[EventType "team-swiss"]
[EventRounds "7"]
[EventCountry "LTU"]
[SourceTitle "EXT 2014"]
[Source "ChessBase"]
[SourceDate "2013.11.20"]
[SourceVersion "1"]
[SourceVersionDate "2013.11.20"]
[SourceQuality "1"]
[WhiteTeam "Vilnius Chess United"]
[BlackTeam "Plunge Bokstas"]
[WhiteTeamCountry "LTU"]
[BlackTeamCountry "LTU"]

1. e4 e5 2. Nf3 Nc6 3. Bb5 a6 4. Ba4 Nf6 5. Qe2 b5 6. Bb3 Be7 7. c3 0-0 8. a4 b4 9. 0-0 Rb8 10. Bd5 Bb7 11. a5 Bd6 12. Bc4 Ne7 13. d3 Ng6 14. Re1 Re8 15. Ng5 Re7 16. Be3 h6 17. Nh3 Re8 18. Nd2 Bf8 19. f3 d5 20. Bb3 Bc6 21. Red1 bxc3 22. bxc3 d4 23. cxd4 exd4 24. Bf2 Bd7 25. g4 Bb4 26. Bc4 Bc3 27. Ra2 Qc8 28. Bg3 Ne5 29. Bxe5 Rxe5 30. Nf2 Be6 31. Bxe6 Rxe6 32. Nc4 1/2-1/2

[Event "Panevezys IM"]
[Site "Panevezys"]
[Date "2012.08.17"]
[Round "7"]
[White "Bernotas, Arturs"]
[Black "Narmontas, Matas"]
[Result "0-1"]
[WhiteElo "2292"]
[BlackElo "2409"]
[PlyCount "68"]
[EventDate "2012.08.13"]
[EventType "tourn"]
[EventRounds "9"]
[EventCountry "LTU"]
[EventCategory "5"]
[SourceTitle "CBM 149 Extra"]
[Source "ChessBase"]
[SourceDate "2012.08.24"]
[SourceVersion "1"]
[SourceVersionDate "2012.08.24"]
[SourceQuality "1"]

1. e4 c5 2. Nf3 Nc6 3. Bb5 g6 4. 0-0 Bg7 5. Re1 e5 6. Bxc6 dxc6 7. d3 Ne7 8. Nbd2 h6 9. Nc4 Qc7 10. Be3 b6 11. a4 Be6 12. a5 0-0 13. b3 g5 14. Ra2 f5 15. exf5 Nxf5 16. Qe2 Bf7 17. h3 Rae8 18. axb6 axb6 19. Ncd2 Bh5 20. g4 Nd4 21. Bxd4 exd4 22. Ne4 Bg6 23. Kg2 Qf4 24. Ra7 h5 25. Rxg7+ Kxg7 26. Nfxg5 Re5 27. Nf3 Rxe4 28. dxe4 hxg4 29. Ng1 Re8 30. e5 gxh3+ 31. Nxh3 Qh4 32. Qf3 Rf8 33. Qxc6 Bf5 34. Ng1 Be4+ 0-1